Statistics for Biggest World Cities A-Z - Top 2

Click here to take the quiz!

General Stats

  • This quiz has been taken 1,899 times
  • The average score is 19 of 26

Answer Stats

LetterTop 2 Urban Areas% Correct
BBeijing or Bangkok
94%
JJakarta or Johannesburg
93%
TTokyo or Tehran
93%
MManila or Mumbai
91%
SShanghai or Seoul
91%
CCairo or Chennai
90%
LLos Angeles or Lagos
90%
NNew York City or Nagoya
88%
DDelhi or Dhaka
87%
PParis or Philadelphia
86%
RRio de Janeiro or Riyadh
81%
GGuangzhou or Guadalajara
79%
WWashington or Wuhan
79%
XXiamen or Xi'an
79%
OOsaka or Orlando
78%
KKarachi or Kolkata
77%
AAhmedabad or Atlanta
69%
IIstanbul or Ibadan
69%
QQingdao or Quito
67%
UÜrümqi or Ulan Bator
64%
HHyderabad or Hangzhou
59%
VVancouver or Vienna
57%
EEdmonton or El Paso
44%
YYangon or Yaoundé
44%
FFaisalabad or Fuzhou
33%
ZZhengzhou or Zibo
30%

Score Distribution

Percentile by Number Answered

Percent of People with Each Score

Your Score History

You have not taken this quiz